Englische Ergebnisse International 2023/24 - Statistiken

Allgemein
  • Dieses Quiz wurde 45 mal gespielt
    7 seit der letzten Aktualisierung
  • Das Durchschnittsergebnis liegt bei 49 aus 72
Antwortstatistiken
Heim Gast % Korrekt
AC Mailand 0 : 0 Newcastle United
100%
Newcastle United 0 : 1 Borussia Dortmund
100%
Ajax Amsterdam 0 : 2 Brighton & Hove
100%
LASK Linz 1 : 3 FC Liverpool
100%
RB Leipzig 1 : 3 Manchester City
100%
SC Freiburg 1 : 2 West Ham United
100%
Aston Villa 1 : 0 Zrinjski Mostar
100%
Young Boys Bern 1 : 3 Manchester City
100%
FC Sevilla 1 : 2 FC Arsenal
100%
Manchester United 1 : 0 FC Kopenhagen
100%
AZ Alkmaar 1 : 4 Aston Villa
100%
West Ham United 1 : 0 Olympiakos Piräus
100%
Brighton & Hove 2 : 3 AEK Athen
100%
RC Lens 2 : 1 FC Arsenal
100%
Manchester United 2 : 3 Galatasaray
100%
FC Liverpool 2 : 0 Union St. Gilloise
100%
Olympique Marseille 2 : 2 Brighton & Hove
100%
Olympiakos Piräus 2 : 1 West Ham United
100%
Brighton & Hove 2 : 0 Ajax Amsterdam
100%
FC Arsenal 2 : 0 FC Sevilla
100%
Borussia Dortmund 2 : 0 Newcastle United
100%
Aston Villa 2 : 1 AZ Alkmaar
100%
Manchester City 3 : 1 Roter Stern
100%
West Ham United 3 : 1 Backa Topola
100%
Leagia Warschau 3 : 2 Aston Villa
100%
Manchester City 3 : 0 Young Boys Bern
100%
FC Toulouse 3 : 2 FC Liverpool
100%
FC Arsenal 4 : 0 PSV Eindhoven
100%
Bayern München 4 : 3 Manchester United
100%
Newcastle United 4 : 1 Paris SG
100%
FC Kopenhagen 4 : 3 Manchester United
100%
FC Liverpool 5 : 1 FC Toulouse
100%
Paris SG 1 : 1 Newcastle United
80%
Manchester City 3 : 2 RB Leipzig
80%
Galatasaray 3 : 3 Manchester United
80%
FC Arsenal 6 : 0 RC Lens
80%
Backa Topola 0 : 1 West Ham United
60%
AEK Athen 0 : 1 Brighton & Hove
60%
Manchester United 0 : 1 Bayern München
60%
PSV Eindhoven 1 : 1 FC Arsenal
60%
Newcastle United 1 : 2 AC Milan
60%
Aston Villa 2 : 1 Legia Warschau
60%
Roter Stern 2 : 3 Manchester City
60%
Union St. Gilloise 2 : 1 FC Liverpool
60%
West Ham United 2 : 0 SC Freiburg
60%
FC Liverpool 4 : 0 LASK Linz
60%
Ajax Amsterdam 0 : 0 Aston Villa
40%
Brighton & Hove 1 : 0 Olympique Marseille
40%
Zrinjski Mostar 1 : 1 Aston Villa
40%
FC Kopenhagen 1 : 3 Manchester City
40%
FC Porto 1 : 0 FC Arsenal
40%
Sparta Prag 1 : 5 FC Liverpool
40%
SC Freiburg 1 : 0 West Ham United
40%
Brighton & Hove 1 : 0 AS Rom
40%
Manchester City 3 : 1 FC Kopenhagen
40%
Real Madrid 3 : 3 Manchester City
40%
FC Arsenal 4 : 2 FC Porto
40%
AS Rom 4 : 0 Brighton & Hove
40%
Aston Villa 4 : 0 Ajax Amsterdam
40%
West Ham United 5 : 0 SC Freiburg
40%
FC Liverpool 6 : 1 Sparta Prag
40%
FC Liverpool 0 : 3 Atalanta Bergamo
20%
Atalanta Bergamo 0 : 1 FC Liverpool
20%
Bayern München 1 : 0 FC Arsenal
20%
West Ham United 1 : 1 Bayer Leverkusen
20%
FC Arsenal 2 : 2 Bayern München
20%
Bayer Leverkusen 2 : 0 West Ham United
20%
Aston Villa 2 : 1 Lille
20%
Aston Villa 2 : 4 Olympiakos Piräus
20%
Olympiakos Piräus 2 : 0 Aston Villa
20%
Manchester City 3 : 4 Real Madrid
20%
Lille 3 : 4 Aston Villa
20%
Keine übereinstimmenden Quizze gefunden
Verteilung der Resultate
Anzahl Personen mit jedem Resultat
Perzentil nach korrekt beantworteten Fragen
Ihre Resultats-Entwicklung
Sie haben dieses Quiz seit der letzten Aktualisierung nicht gespielt